Algunos resultados de la encuesta: Opiniones y motivaciones sobre el ahorro personal /

Wedi'i Gadw mewn:
Manylion Llyfryddiaeth
Prif Awdur: Montero, Lilia Mª
Awduron Eraill: Ríos Hernández, Mayra
Fformat: Texto
Cyhoeddwyd: San José: OFIPLAN
Tagiau: Ychwanegu Tag
Dim Tagiau, Byddwch y cyntaf i dagio'r cofnod hwn!

MARC

LEADER 00000 a a2200000 04500
001 14562
003
040
090 |a 1005 CR8375a  
100 |a Montero, Lilia Mª  
245 |a Algunos resultados de la encuesta: Opiniones y motivaciones sobre el ahorro personal /  |c Lilia Mª Montero 
260 |a San José:   |b OFIPLAN  
300 |a 133 p.  
700 |a Ríos Hernández, Mayra  
999 |c 4496  |d 4496